[Event "Phillips & Drew Knights"]
[Site "London"]
[Date "1980.04.20"]
[Round "10"]
[White "Large, Peter G"]
[Black "Wicker, Kevin J"]
[Result "0-1"]
[WhiteElo "2310"]
[BlackElo "2340"]
[PlyCount "96"]
[EventDate "1980.04.11"]
[EventType "tourn"]
[EventRounds "15"]
[EventCountry "ENG"]
[EventCategory "5"]
[SourceTitle "Britbase"]

1. d4 e6 2. Nf3 f5 3. g3 Nf6 4. Bg2 Be7 5. O-O O-O 6. b3 a5 7. c4 c6 8. Bb2 d5
9. Ne5 Nbd7 10. Nd3 Qe8 11. Ba3 dxc4 12. bxc4 Bxa3 13. Nxa3 e5 14. d5 Ne4 15.
f3 Nec5 16. f4 exf4 17. Rxf4 Qe3+ 18. Kh1 cxd5 19. cxd5 Nxd3 20. Qxd3 Qxd3 21.
exd3 Ne5 22. Nc4 Nxd3 23. Rf3 Nb4 24. Nb6 Rb8 25. a3 Na6 26. Rc1 f4 27. Rxf4
Rxf4 28. gxf4 Bg4 29. h3 Bf5 30. d6 Rd8 31. Rd1 g6 32. Bxb7 Nc5 33. Bg2 Nd3 34.
Kh2 Rxd6 35. Nc4 Rd7 36. Bc6 Re7 37. Kg3 Kg7 38. Bf3 Rc7 39. Bd5 Rc5 40. Ne3
Rc3 41. Kh4 Bc8 42. f5 Nf4 43. Re1 Rxa3 44. Nc4 Rxh3+ 45. Kg4 Bxf5+ 46. Kxf4
Kf6 47. Bf3 Rh4+ 48. Kg3 Rxc4 {[no further moves in bulletin - 63 moves played]
} 0-1

[Event "Phillips & Drew Knights"]
[Site "London"]
[Date "1980.04.21"]
[Round "11"]
[White "Kaiszauri, Konstanty"]
[Black "Large, Peter G"]
[Result "1-0"]
[WhiteElo "2365"]
[BlackElo "2310"]
[PlyCount "63"]
[EventDate "1980.04.11"]
[EventType "tourn"]
[EventRounds "15"]
[EventCountry "ENG"]
[EventCategory "5"]
[SourceTitle "Britbase"]

1. c4 e6 2. g3 Nf6 3. Bg2 a6 4. Nc3 d5 5. cxd5 exd5 6. d4 Nc6 7. Bg5 Be7 8. e3
Be6 9. Nge2 Ng8 10. Bxe7 Ncxe7 11. Nf4 Nf6 12. Qb3 Rb8 13. O-O O-O 14. e4 c6
15. Nxe6 fxe6 16. Bh3 dxe4 17. Nxe4 Qxd4 18. Ng5 Qe5 19. Bxe6+ Kh8 20. Nf7+
Rxf7 21. Bxf7 Nf5 22. Rfe1 Qc7 23. Qd3 Nh4 24. Be6 Rd8 25. Qc3 Ng6 26. Re3 c5
27. b4 b6 28. bxc5 bxc5 29. Rc1 h5 30. Ree1 Re8 31. Qxc5 Qb8 32. Bf7 1-0

[Event "Phillips & Drew Knights"]
[Site "London"]
[Date "1980.04.21"]
[Round "11"]
[White "Van der Sterren, Paul"]
[Black "Povah, Nigel"]
[Result "0-1"]
[WhiteElo "2410"]
[BlackElo "2385"]
[PlyCount "109"]
[EventDate "1980.04.11"]
[EventType "tourn"]
[EventRounds "15"]
[EventCountry "ENG"]
[EventCategory "5"]
[SourceTitle "Britbase"]

1. Nf3 Nf6 2. c4 c5 3. g3 b6 4. Bg2 Bb7 5. O-O e6 6. Nc3 Be7 7. d4 cxd4 8. Qxd4
d6 9. Rd1 O-O 10. b3 Nbd7 11. Bb2 a6 12. e4 Qc7 13. Nd2 Rfd8 14. Nf1 Bc6 15.
Rac1 Qa7 16. Ne3 Rac8 17. b4 Qa8 18. g4 Ne5 19. a4 a5 20. b5 Bb7 21. f3 Ned7
22. Kh1 Nc5 23. Rb1 Bf8 24. Ba1 Nfd7 25. Qd2 Ne5 26. Qe2 Ng6 27. Bf1 Be7 28.
Qa2 Rd7 29. Ng2 Rdc7 30. Qf2 Ne5 31. h4 h6 32. Qg3 Ncd7 33. Ne3 Ng6 34. g5 hxg5
35. hxg5 Rc5 36. Ncd5 exd5 37. exd5 Nde5 38. Rbc1 Bf8 39. Rd2 Bxd5 40. Nxd5
Rxd5 41. Rh2 Nxf3 42. Qxf3 Rxg5 43. Qxa8 Rxa8 44. Bd4 Rb8 45. Bg2 Rg4 46. Bg1
Ne5 47. Bd5 g6 48. Rc3 Bg7 49. Rf2 Bh6 50. Rf6 Bg5 51. Rxd6 Be7 52. c5 Bxd6 53.
cxd6 Kg7 54. Rc6 Rh8+ 55. Bh2 {[strange looking score but I cannot find any
errors]} 0-1

[Event "Phillips & Drew Knights"]
[Site "London"]
[Date "1980.04.21"]
[Round "11"]
[White "King, Daniel J"]
[Black "Plaskett, H James"]
[Result "1/2-1/2"]
[WhiteElo "2330"]
[BlackElo "2405"]
[PlyCount "48"]
[EventDate "1980.04.11"]
[EventType "tourn"]
[EventRounds "15"]
[EventCountry "ENG"]
[EventCategory "5"]
[SourceTitle "Britbase"]

1. e4 c5 2. Nf3 Nc6 3. Bb5 Qb6 4. Nc3 e6 5. Bxc6 Qxc6 6. O-O Nf6 7. Re1 b5 8.
d4 b4 9. d5 Qa6 10. Nb1 d6 11. b3 Be7 12. Bb2 e5 13. a3 Qb7 14. axb4 cxb4 15.
Nbd2 O-O 16. Nc4 Bd7 17. Na5 Qc7 18. Nd2 Bb5 19. Ndc4 Qc5 20. Qd2 Rab8 21. c3
bxc3 22. Bxc3 Bd7 23. Bb2 Qc7 24. Ba3 Rb5 1/2-1/2

[Event "Phillips & Drew Knights"]
[Site "London"]
[Date "1980.04.21"]
[Round "11"]
[White "Britton, Richard"]
[Black "Flear, Glenn C"]
[Result "0-1"]
[WhiteElo "2330"]
[BlackElo "2320"]
[PlyCount "70"]
[EventDate "1980.04.11"]
[EventType "tourn"]
[EventRounds "15"]
[EventCountry "ENG"]
[EventCategory "5"]
[SourceTitle "Britbase"]

1. e4 e5 2. Nf3 Nc6 3. Bb5 a6 4. Ba4 Nf6 5. d3 d6 6. c3 g6 7. Nbd2 Bg7 8. Nf1
O-O 9. h3 b5 10. Bc2 d5 11. Bd2 Re8 12. Qe2 Bb7 13. g4 Qd6 14. Ng3 d4 15. O-O
Rad8 16. Kh2 dxc3 17. bxc3 Nd7 18. Bg5 Bf6 19. Qe3 b4 20. Rab1 Bc8 21. cxb4
Nxb4 22. Ba4 a5 23. a3 Nc6 24. Rfc1 Nd4 25. Bxf6 Qxf6 26. Nxd4 exd4 27. Qe2 Qf4
28. Rc2 Re7 29. Kg2 Ne5 30. Rb8 h5 31. Rc5 hxg4 32. Rxa5 gxh3+ 33. Kh2 Kg7 34.
Rxe5 Rxe5 35. Qf1 Rc5 0-1

[Event "Phillips & Drew Knights"]
[Site "London"]
[Date "1980.04.21"]
[Round "11"]
[White "Goodman, David SC"]
[Black "Botterill, George S"]
[Result "1/2-1/2"]
[WhiteElo "2375"]
[BlackElo "2420"]
[PlyCount "52"]
[EventDate "1980.04.11"]
[EventType "tourn"]
[EventRounds "15"]
[EventCountry "ENG"]
[EventCategory "5"]
[SourceTitle "Britbase"]

1. c4 e6 2. Nc3 d5 3. d4 c5 4. e3 Nc6 5. Nf3 Nf6 6. cxd5 Nxd5 7. Bd3 cxd4 8.
exd4 Be7 9. O-O O-O 10. Re1 Nf6 11. a3 b6 12. Bb1 Bb7 13. Qd3 g6 14. Bh6 Re8
15. Ba2 Bf8 16. Bg5 Be7 17. Rad1 Nd5 18. Bd2 Nb8 19. Ne5 Nxc3 20. Bxc3 Bd5 21.
Bb1 Nd7 22. Qh3 Nxe5 23. dxe5 Qc7 24. Qg4 Rad8 25. Bb4 Bxb4 26. Qxb4 Bc6
1/2-1/2

[Event "Phillips & Drew Knights"]
[Site "London"]
[Date "1980.04.21"]
[Round "11"]
[White "Silva, Marco A"]
[Black "Blackstock, Leslie Steven F"]
[Result "1-0"]
[WhiteElo "2290"]
[BlackElo "2345"]
[PlyCount "63"]
[EventDate "1980.04.11"]
[EventType "tourn"]
[EventRounds "15"]
[EventCountry "ENG"]
[EventCategory "5"]
[SourceTitle "Britbase"]

1. e4 c5 2. Nf3 e6 3. d4 cxd4 4. Nxd4 a6 5. Nc3 Qc7 6. g3 Nc6 7. Bg2 Nf6 8. O-O
h6 9. Re1 Nxd4 10. Qxd4 Bc5 11. Qd1 d6 12. Be3 e5 13. Qd3 Be6 14. Bxc5 Qxc5 15.
Rad1 Ke7 16. Rd2 Rhd8 17. h3 b5 18. Nd1 Rac8 19. Ne3 g6 20. c3 Rc6 21. Kh2 b4
22. cxb4 Qxb4 23. f4 Nd7 24. f5 Bc4 25. Nd5+ Bxd5 26. exd5 Rc5 27. fxg6 Nf6 28.
gxf7 Kxf7 29. Rf1 Kg7 30. Rxf6 Kxf6 31. Rf2+ Kg7 32. Qf5 1-0

[Event "Phillips & Drew Knights"]
[Site "London"]
[Date "1980.04.21"]
[Round "11"]
[White "Crouch, Colin S"]
[Black "Friedgood, David"]
[Result "1-0"]
[WhiteElo "2330"]
[BlackElo "2335"]
[PlyCount "113"]
[EventDate "1980.04.11"]
[EventType "tourn"]
[EventRounds "15"]
[EventCountry "ENG"]
[EventCategory "5"]
[SourceTitle "Britbase"]

1. e4 c5 2. c3 e6 3. d4 d5 4. exd5 exd5 5. Be3 c4 6. b3 cxb3 7. axb3 Nf6 8. Nf3
Bd6 9. Bd3 O-O 10. Qc2 Re8 11. O-O h6 12. Nbd2 Nc6 13. Rfe1 Bg4 14. h3 Bxf3 15.
Nxf3 Rc8 16. Qb1 a6 17. Bd2 Qb6 18. Rxe8+ Rxe8 19. Qa2 Bb8 20. Re1 Rxe1+ 21.
Bxe1 Qc7 22. Qe2 b5 23. g3 Qb6 24. b4 Qc7 25. Nd2 Qe7 26. Qxe7 Nxe7 27. Nb3 Nd7
28. Be2 f5 29. Nc5 Nxc5 30. dxc5 Kf7 31. f4 Bc7 32. Kg2 Ke6 33. Kf3 g6 34. Bf2
Ng8 35. Bd4 Ne7 36. Bg7 h5 37. Ke3 Nc6 38. g4 hxg4 39. hxg4 Bd8 40. gxf5+ gxf5
41. Bh5 a5 42. Be8 Na7 43. bxa5 Bxa5 44. c6 b4 45. cxb4 Bxb4 46. Bd7+ Ke7 47.
Kd4 Bd6 48. Bh6 Nb5+ 49. Kxd5 Nc7+ 50. Kd4 Ne6+ 51. Bxe6 Kxe6 52. Kc4 Bc7 53.
Kc5 Ke7 54. Bg5+ Ke6 55. Kb5 Kd5 56. Bh6 Bd8 57. Bg7 1-0

[Event "Phillips & Drew Knights"]
[Site "London"]
[Date "1980.04.22"]
[Round "12"]
[White "Blackstock, Leslie Steven F"]
[Black "Crouch, Colin S"]
[Result "1-0"]
[WhiteElo "2345"]
[BlackElo "2330"]
[PlyCount "47"]
[EventDate "1980.04.11"]
[EventType "tourn"]
[EventRounds "15"]
[EventCountry "ENG"]
[EventCategory "5"]
[SourceTitle "Britbase"]

1. c4 c6 2. Nf3 d5 3. d4 Nf6 4. Nc3 e6 5. e3 Nbd7 6. Bd3 dxc4 7. Bxc4 b5 8. Be2
Bb7 9. e4 b4 10. e5 bxc3 11. exf6 cxb2 12. fxg7 bxa1=Q {[Black had to wait ten
minutes to make this move as there were no other black queens in the
tournament available to be used!]} 13. gxh8=Q Qa5+ 14. Nd2 Qd5 15. O-O Qaxd4
16. Qxh7 Nf6 17. Qb1 Qb6 18. Bb2 Be7 19. Nc4 Qc7 20. Be5 Qcd7 21. Bxf6 Bxf6 22.
Bf3 Qd4 23. Qxd4 Bxd4 24. Qxb7 1-0

[Event "Phillips & Drew Knights"]
[Site "London"]
[Date "1980.04.22"]
[Round "12"]
[White "Botterill, George S"]
[Black "Silva, Marco A"]
[Result "1-0"]
[WhiteElo "2420"]
[BlackElo "2290"]
[PlyCount "95"]
[EventDate "1980.04.11"]
[EventType "tourn"]
[EventRounds "15"]
[EventCountry "ENG"]
[EventCategory "5"]
[SourceTitle "Britbase"]

1. d4 Nf6 2. c4 e6 3. Nc3 d5 4. Bg5 Be7 5. cxd5 exd5 6. e3 O-O 7. Bd3 h6 8. Bh4
b6 9. Nf3 Bb7 10. Bxf6 Bxf6 11. O-O c5 12. Rc1 c4 13. Bb1 Nc6 14. e4 dxe4 15.
Bxe4 Na5 16. Bxb7 Nxb7 17. Re1 Nd6 18. Ne5 Bg5 19. Rc2 Rc8 20. Qg4 b5 21. f4 f5
22. Qf3 Bf6 23. Kh1 a5 24. Qd5+ Kh7 25. Nxb5 Nxb5 26. Qxb5 Qxd4 27. Nd7 Rfe8
28. Nxf6+ gxf6 29. Qxf5+ Kg7 30. Rf1 Qd3 31. Qg4+ Kh7 32. Rcf2 f5 33. Qh5 Re7
34. Rf3 Qe4 35. h3 Rc6 36. Rg3 Rg7 37. Rxg7+ Kxg7 38. Rd1 Qe6 39. Qf3 Rc7 40.
Qc3+ Kh7 41. Qxa5 Rg7 42. Qe5 Qxe5 43. fxe5 Rb7 44. Rd2 Kg6 45. Kh2 f4 46. Re2
Kf5 47. e6 Re7 48. Kg1 1-0

[Event "Phillips & Drew Knights"]
[Site "London"]
[Date "1980.04.22"]
[Round "12"]
[White "Flear, Glenn C"]
[Black "Goodman, David SC"]
[Result "1/2-1/2"]
[WhiteElo "2320"]
[BlackElo "2375"]
[PlyCount "28"]
[EventDate "1980.04.11"]
[EventType "tourn"]
[EventRounds "15"]
[EventCountry "ENG"]
[EventCategory "5"]
[SourceTitle "Britbase"]

1. d4 g6 2. c4 Bg7 3. Nc3 d6 4. Bg5 Nf6 5. e3 O-O 6. Nf3 c6 7. Qc2 a6 8. Be2 b5
9. O-O bxc4 10. Bxc4 a5 11. Rac1 Na6 12. a3 Bb7 13. Rfe1 c5 14. d5 Nc7 1/2-1/2

[Event "Phillips & Drew Knights"]
[Site "London"]
[Date "1980.04.22"]
[Round "12"]
[White "Plaskett, H James"]
[Black "Britton, Richard"]
[Result "1-0"]
[WhiteElo "2405"]
[BlackElo "2330"]
[PlyCount "70"]
[EventDate "1980.04.11"]
[EventType "tourn"]
[EventRounds "15"]
[EventCountry "ENG"]
[EventCategory "5"]
[SourceTitle "Britbase"]

1. d4 Nf6 2. c4 g6 3. Nc3 Bg7 4. e4 d6 5. f3 e5 6. d5 O-O 7. Be3 Nh5 8. Qd2 f5
9. exf5 gxf5 10. O-O-O Nd7 11. Bd3 Ndf6 12. Nge2 b5 13. Nxb5 Ba6 14. Bxf5 Bxb5
15. cxb5 Qb8 16. Qd3 Kh8 17. Kb1 Qb7 18. g4 Nf4 19. Nxf4 exf4 20. Bxf4 Rab8 21.
Bc1 Qxb5 22. Qxb5 Rxb5 23. Be6 Rfb8 24. Rhe1 a5 25. g5 Ng8 26. Bd7 Rb4 27. Re8
Rxe8 28. Bxe8 Rh4 29. Re1 Be5 30. Re4 Rxh2 31. f4 Rh4 32. Ra4 Bg7 33. Rxa5 Bd4
34. Ra4 Bb6 35. Bd2 Kg7 1-0

[Event "Phillips & Drew Knights"]
[Site "London"]
[Date "1980.04.22"]
[Round "12"]
[White "Povah, Nigel"]
[Black "King, Daniel J"]
[Result "0-1"]
[WhiteElo "2385"]
[BlackElo "2330"]
[PlyCount "112"]
[EventDate "1980.04.11"]
[EventType "tourn"]
[EventRounds "15"]
[EventCountry "ENG"]
[EventCategory "5"]
[SourceTitle "Britbase"]

1. c4 Nf6 2. Nc3 g6 3. g3 c6 4. Bg2 d5 5. cxd5 cxd5 6. Qb3 e6 7. Nf3 Nc6 8. d4
Bg7 9. Qa3 Ne4 10. O-O Qe7 11. Qa4 Bd7 12. Qc2 f5 13. Rd1 Rc8 14. Be3 O-O 15.
Qb1 Nxc3 16. bxc3 Na5 17. Bg5 Qa3 18. Ne5 Ba4 19. Rd3 Qd6 20. Bf4 Qa6 21. h4
Nc4 22. Nxc4 Rxc4 23. Qb2 Rfc8 24. Rb1 b5 25. Re1 Qc6 26. Bd2 b4 27. cxb4 Rc2
28. Qa3 Bb5 29. Be3 Bxd3 30. Qxd3 Qc3 31. Qxc3 R8xc3 32. Ra1 Ra3 33. Kh2 Raxa2
34. Rb1 Rxe2 35. b5 Reb2 36. Rc1 Rc2 37. Rb1 Rab2 38. Ra1 Rc7 39. Bf1 Rb4 40.
Rd1 Kf7 41. Kg2 h6 42. Be2 Rb2 43. Bf1 Kg8 44. Bf4 Rcc2 45. Be3 g5 46. hxg5
hxg5 47. Kf3 Bh6 48. Bd3 g4+ 49. Kg2 Bxe3 50. Bxc2 Rxc2 51. Re1 Rxf2+ 52. Kh1
Bxd4 53. Rxe6 Bb6 54. Rd6 f4 55. Rxd5 fxg3 56. Rg5+ Kf7 0-1

[Event "Phillips & Drew Knights"]
[Site "London"]
[Date "1980.04.22"]
[Round "12"]
[White "Large, Peter G"]
[Black "Van der Sterren, Paul"]
[Result "1/2-1/2"]
[WhiteElo "2310"]
[BlackElo "2410"]
[PlyCount "105"]
[EventDate "1980.04.11"]
[EventType "tourn"]
[EventRounds "15"]
[EventCountry "ENG"]
[EventCategory "5"]
[SourceTitle "Britbase"]

1. e4 e5 2. Nf3 Nc6 3. Bb5 a6 4. Ba4 Nf6 5. O-O Be7 6. Re1 b5 7. Bb3 d6 8. c3
O-O 9. h3 Nb8 10. d4 Nbd7 11. Nbd2 Bb7 12. Bc2 Re8 13. Nf1 Bf8 14. Ng3 g6 15.
a4 h6 16. Nh2 d5 17. dxe5 Nxe5 18. f4 Nc4 19. b3 Bc5+ 20. Kf1 Nd6 21. b4 Bb6
22. e5 Nfe4 23. Nxe4 Nxe4 24. Bxe4 Qh4 25. Qe2 dxe4 26. a5 Ba7 27. Be3 Red8 28.
Ng4 Bxe3 29. Qxe3 Rd3 30. Nf6+ Kg7 31. Qf2 Qxf2+ 32. Kxf2 Rxc3 33. Rac1 e3+ 34.
Kf1 Rxc1 35. Rxc1 Rd8 36. Rxc7 e2+ 37. Kxe2 Bxg2 38. Nd7 Bxh3 39. Nc5 Kf8 40.
Nxa6 h5 41. Ke3 h4 42. Nc5 Bf5 43. e6 fxe6 44. a6 h3 45. a7 h2 46. Nd7+ Kg8 47.
Nf6+ Kf8 48. Rh7 Rd3+ 49. Ke2 Ra3 50. Rxh2 Kg7 51. Ne8+ Kg8 52. Kd2 g5 53. fxg5
1/2-1/2

[Event "Phillips & Drew Knights"]
[Site "London"]
[Date "1980.04.22"]
[Round "12"]
[White "Wicker, Kevin J"]
[Black "Kaiszauri, Konstanty"]
[Result "1-0"]
[WhiteElo "2340"]
[BlackElo "2365"]
[PlyCount "113"]
[EventDate "1980.04.11"]
[EventType "tourn"]
[EventRounds "15"]
[EventCountry "ENG"]
[EventCategory "5"]
[SourceTitle "Britbase"]

1. d4 d6 2. c4 f5 3. Nc3 Nf6 4. Bg5 Nbd7 5. g4 fxg4 6. h3 e5 7. e3 gxh3 8. Qc2
c6 9. O-O-O Be7 10. Bxh3 exd4 11. exd4 Nf8 12. Re1 Bxh3 13. Rxh3 Qd7 14. Rhe3
Ng6 15. f4 O-O-O 16. f5 Ng8 17. Nf3 h6 18. Bxe7 N6xe7 19. Re6 h5 20. c5 dxc5
21. Ne5 Qxd4 22. Nf7 Qf4+ 23. Kb1 Nxf5 24. Nxh8 Nd4 25. Qe4 Nxe6 26. Qxe6+ Kc7
27. Ng6 Qd6 28. Qxd6+ Rxd6 29. Nf4 h4 30. Ne6+ Kb6 31. Nxg7 Nf6 32. Nf5 Rd2 33.
Nxh4 Nd5 34. Ne4 Rd4 35. Nf5 Rb4 36. Nfd6 a5 37. Rc1 Kc7 38. Rxc5 Nf6 39. Nxf6
Kxd6 40. Rxa5 Rf4 41. Nh5 Rf1+ 42. Kc2 Rf2+ 43. Kb3 Rf3+ 44. Kc2 b5 45. a3 Rf2+
46. Kb1 Kd5 47. Ra8 Kc4 48. Rg8 c5 49. Rg4+ Kb3 50. Rg3+ Ka4 51. Rd3 Rf1+ 52.
Ka2 b4 53. Ng3 Re1 54. axb4 Kxb4 55. Nf5 Rc1 56. Ne3 c4 57. Rc3 1-0

[Event "Phillips & Drew Knights"]
[Site "London"]
[Date "1980.04.23"]
[Round "13"]
[White "Van der Sterren, Paul"]
[Black "Wicker, Kevin J"]
[Result "1-0"]
[WhiteElo "2410"]
[BlackElo "2340"]
[PlyCount "47"]
[EventDate "1980.04.11"]
[EventType "tourn"]
[EventRounds "15"]
[EventCountry "ENG"]
[EventCategory "5"]
[SourceTitle "Britbase"]

1. d4 e6 2. e4 d5 3. Nc3 Bb4 4. e5 b6 5. Bd2 Qd7 6. Nf3 Bf8 7. Be2 Ba6 8. O-O
Bxe2 9. Qxe2 Nc6 10. Rfc1 Nge7 11. Nd1 Nf5 12. Qd3 Be7 13. c4 O-O 14. cxd5 Qxd5
15. Ne3 Nxe3 16. fxe3 Bd8 17. e4 Qd7 18. b4 f5 19. exf5 Rxf5 20. Qe4 Rxf3 21.
Qxf3 Nxd4 22. Qxa8 Ne2+ 23. Kf2 Nxc1 24. Bxc1 1-0

[Event "Phillips & Drew Knights"]
[Site "London"]
[Date "1980.04.23"]
[Round "13"]
[White "King, Daniel J"]
[Black "Large, Peter G"]
[Result "0-1"]
[WhiteElo "2330"]
[BlackElo "2310"]
[PlyCount "70"]
[EventDate "1980.04.11"]
[EventType "tourn"]
[EventRounds "15"]
[EventCountry "ENG"]
[EventCategory "5"]
[SourceTitle "Britbase"]

1. e4 e5 2. Nf3 Nc6 3. Bb5 a6 4. Ba4 b5 5. Bb3 Na5 6. d4 exd4 7. Qxd4 Ne7 8.
Nc3 Bb7 9. Bg5 f6 10. Be3 Nxb3 11. axb3 d5 12. exd5 Nxd5 13. O-O-O Nxc3 14.
Qxc3 Bd6 15. Bc5 O-O 16. Bxd6 cxd6 17. Qb4 Rc8 18. Rd2 Rc5 19. Qf4 Bxf3 20.
gxf3 Qc7 21. Kb1 Re5 22. Rhd1 Rfe8 23. Rxd6 Re2 24. Qf5 Rxf2 25. Rd7 Qe5 26.
Qg4 f5 27. Qh5 Qe6 28. Qg5 Qg6 29. Qxg6 hxg6 30. Ra7 Rxh2 31. Rdd7 Rh7 32. f4
b4 33. Ka2 Kh8 34. Rxa6 Rh1 35. Rxg6 Ra8+ 0-1

[Event "Phillips & Drew Knights"]
[Site "London"]
[Date "1980.04.23"]
[Round "13"]
[White "Britton, Richard"]
[Black "Povah, Nigel"]
[Result "1-0"]
[WhiteElo "2330"]
[BlackElo "2385"]
[PlyCount "75"]
[EventDate "1980.04.11"]
[EventType "tourn"]
[EventRounds "15"]
[EventCountry "ENG"]
[EventCategory "5"]
[SourceTitle "Britbase"]

1. e4 c6 2. Nc3 d5 3. d4 dxe4 4. Nxe4 Nf6 5. Nxf6+ gxf6 6. Nf3 Bf5 7. Be2 Qc7
8. Be3 Nd7 9. c4 O-O-O 10. d5 c5 11. O-O e6 12. b4 Rg8 13. Kh1 Be4 14. Qa4 Kb8
15. Rfd1 Bd6 16. Rd2 Bxh2 17. dxe6 fxe6 18. Rad1 Bc6 19. b5 Bxf3 20. Bxf3 Nb6
21. Rxd8+ Rxd8 22. Rxd8+ Qxd8 23. Qc2 Bd6 24. Qxh7 Qe7 25. Qg8+ Kc7 26. Be2 f5
27. Bg5 Qd7 28. g3 e5 29. Kg2 Be7 30. Be3 Na4 31. Bh5 Kb6 32. Qf7 Qd6 33. Qxf5
Bf6 34. Qc2 Ka5 35. b6 Nxb6 36. Qc3+ Ka4 37. Qb3+ Ka5 38. Qb5# 1-0

[Event "Phillips & Drew Knights"]
[Site "London"]
[Date "1980.04.23"]
[Round "13"]
[White "Goodman, David SC"]
[Black "Plaskett, H James"]
[Result "1-0"]
[WhiteElo "2375"]
[BlackElo "2405"]
[PlyCount "67"]
[EventDate "1980.04.11"]
[EventType "tourn"]
[EventRounds "15"]
[EventCountry "ENG"]
[EventCategory "5"]
[SourceTitle "Britbase"]

1. d4 g6 2. c4 Bg7 3. Nc3 d6 4. e4 Nc6 5. d5 Nb8 6. Be2 Nf6 7. Nf3 Bg4 8. Nd4
Bxe2 9. Ndxe2 O-O 10. O-O Nbd7 11. f3 Ne5 12. b3 e6 13. Be3 exd5 14. cxd5 c5
15. dxc6 bxc6 16. Qd2 d5 17. exd5 Nxd5 18. Nxd5 cxd5 19. Rad1 Re8 20. Nc3 d4
21. Bxd4 Qc7 22. f4 Nc6 23. Bxg7 Kxg7 24. Nd5 Qd6 25. Qc3+ f6 26. Nb6 Nd4 27.
Nxa8 Ne2+ 28. Kh1 Nxc3 29. Rxd6 Rxa8 30. Rc1 Ne4 31. Rd7+ Kh6 32. h3 g5 33.
fxg5+ Kxg5 34. Rxh7 {[no more moves recorded... 45 moves]} 1-0

[Event "Phillips & Drew Knights"]
[Site "London"]
[Date "1980.04.23"]
[Round "13"]
[White "Silva, Marco A"]
[Black "Flear, Glenn C"]
[Result "1-0"]
[WhiteElo "2290"]
[BlackElo "2320"]
[PlyCount "123"]
[EventDate "1980.04.11"]
[EventType "tourn"]
[EventRounds "15"]
[EventCountry "ENG"]
[EventCategory "5"]
[SourceTitle "Britbase"]

1. e4 e5 2. Nf3 Nc6 3. Bb5 a6 4. Ba4 Nf6 5. O-O b5 6. Bb3 Bb7 7. Re1 Bc5 8. c3
d6 9. d4 Bb6 10. Bg5 h6 11. Bh4 Qd7 12. Bg3 O-O-O 13. a4 g5 14. axb5 axb5 15.
Na3 h5 16. dxe5 h4 17. exf6 hxg3 18. hxg3 Rh5 19. Bd5 Rdh8 20. Kf1 R8h6 21.
Nxb5 Rxf6 22. Qa4 g4 23. Nfd4 Rh1+ 24. Ke2 Nxd4+ 25. Nxd4 Rxe1+ 26. Kxe1 Bxd5
27. exd5 Qxa4 28. Rxa4 Rh6 29. Nc6 Rh1+ 30. Ke2 Rb1 31. Ra8+ Kb7 32. Rb8+ Ka6
33. b4 Kb5 34. Kd3 Rd1+ 35. Ke2 Rxd5 36. Na5 Re5+ 37. Kd3 Rf5 38. Nb3 Ka4 39.
Nd4 Bxd4 40. Kxd4 Rxf2 41. Kc4 Ka3 42. Rc8 Rxg2 43. Rxc7 Rxg3 44. b5 Kb2 45.
Kd4 Kc2 46. c4 f5 47. Kd5 Rd3+ 48. Kc6 g3 49. b6 f4 50. Rg7 Kd2 51. b7 Rb3 52.
Kc7 Ke2 53. b8=Q Rxb8 54. Kxb8 Kf2 55. Kc7 f3 56. Kxd6 g2 57. c5 Ke3 58. Ke5
Kd3 59. c6 f2 60. Rg3+ Kc4 61. c7 f1=Q 62. c8=Q+ 1-0

[Event "Phillips & Drew Knights"]
[Site "London"]
[Date "1980.04.23"]
[Round "13"]
[White "Crouch, Colin S"]
[Black "Botterill, George S"]
[Result "1/2-1/2"]
[WhiteElo "2330"]
[BlackElo "2420"]
[PlyCount "48"]
[EventDate "1980.04.11"]
[EventType "tourn"]
[EventRounds "15"]
[EventCountry "ENG"]
[EventCategory "5"]
[SourceTitle "Britbase"]

1. e4 e6 2. d4 d5 3. Nc3 Bb4 4. Nge2 dxe4 5. a3 Be7 6. Nxe4 Nf6 7. N2g3 O-O 8.
Be2 Nc6 9. c3 e5 10. Nxf6+ Bxf6 11. d5 Ne7 12. c4 Ng6 13. O-O a5 14. Bd2 Be7
15. Bc3 a4 16. Bh5 Bd6 17. Bxg6 hxg6 18. Ne4 Bf5 19. Nxd6 cxd6 20. f4 Qb6+ 21.
Kh1 f6 22. Rc1 exf4 23. Bd4 Qa5 24. Rxf4 Rfe8 1/2-1/2

[Event "Phillips & Drew Knights"]
[Site "London"]
[Date "1980.04.23"]
[Round "13"]
[White "Friedgood, David"]
[Black "Blackstock, Leslie Steven F"]
[Result "1-0"]
[WhiteElo "2335"]
[BlackElo "2345"]
[PlyCount "79"]
[EventDate "1980.04.11"]
[EventType "tourn"]
[EventRounds "15"]
[EventCountry "ENG"]
[EventCategory "5"]
[SourceTitle "Britbase"]

1. c4 Nf6 2. Nc3 e6 3. e4 d5 4. e5 Ne4 5. Nf3 Nc6 6. d4 Be7 7. Bd3 Nxc3 8. bxc3
dxc4 9. Bxc4 O-O 10. h4 f5 11. exf6 Bxf6 12. Bg5 Qe7 13. O-O Na5 14. Bd3 Bd7
15. Ne5 Be8 16. Qg4 c5 17. Rae1 cxd4 18. cxd4 Rd8 19. Re3 Rd6 20. Rfe1 Qd8 21.
Bxf6 Rxf6 22. Rg3 g6 23. h5 Rxd4 24. Re4 Rxe4 25. Bxe4 Qd2 26. hxg6 Qc1+ 27.
Kh2 Qh6+ 28. Rh3 Qf4+ 29. Qxf4 Rxf4 30. gxh7+ Kh8 31. Bg6 Nc6 32. Nd3 Rf8 33.
Bxe8 Rxe8 34. Nf4 Ne7 35. Nxe6 Ng6 36. Ng5 Re7 37. Rc3 Kg7 38. Rc8 b5 39. Rg8+
Kf6 40. Rxg6+ 1-0

[Event "Phillips & Drew Knights"]
[Site "London"]
[Date "1980.04.24"]
[Round "14"]
[White "Botterill, George S"]
[Black "Friedgood, David"]
[Result "1-0"]
[WhiteElo "2420"]
[BlackElo "2335"]
[PlyCount "55"]
[EventDate "1980.04.11"]
[EventType "tourn"]
[EventRounds "15"]
[EventCountry "ENG"]
[EventCategory "5"]
[SourceTitle "Britbase"]

1. d4 Nf6 2. c4 g6 3. Nc3 Bg7 4. e4 d6 5. Nf3 O-O 6. Be2 e5 7. Be3 c6 8. Qd2
Qe7 9. d5 cxd5 10. cxd5 a6 11. Bg5 b5 12. b4 Qb7 13. O-O Nbd7 14. a4 bxa4 15.
Rxa4 Nb6 16. Ra2 Bg4 17. Rfa1 Bxf3 18. gxf3 Nh5 19. Bxa6 Qd7 20. Bf1 Rxa2 21.
Qxa2 Rc8 22. Nb5 Nf4 23. Qa7 Qxa7 24. Nxa7 Rc3 25. Ra6 Nc8 26. Nc6 Bf8 27. Ra8
Nb6 28. Rb8 1-0

[Event "Phillips & Drew Knights"]
[Site "London"]
[Date "1980.04.24"]
[Round "14"]
[White "Flear, Glenn C"]
[Black "Crouch, Colin S"]
[Result "1-0"]
[WhiteElo "2320"]
[BlackElo "2330"]
[PlyCount "53"]
[EventDate "1980.04.11"]
[EventType "tourn"]
[EventRounds "15"]
[EventCountry "ENG"]
[EventCategory "5"]
[SourceTitle "Britbase"]

1. d4 d5 2. c4 c6 3. Nf3 Nf6 4. Nc3 e6 5. Qb3 Be7 6. Bg5 h6 7. Bh4 dxc4 8. Qxc4
b5 9. Qb3 g5 10. Bg3 b4 11. Na4 Ne4 12. e3 Nxg3 13. hxg3 Nd7 14. Rc1 Bb7 15.
Be2 Rc8 16. O-O g4 17. Nd2 h5 18. Ne4 a5 19. Rfd1 Nf6 20. Nxf6+ Bxf6 21. Nc5
Ba8 22. Bc4 h4 23. Bxe6 fxe6 24. Qxe6+ Kf8 25. Nd7+ Kg7 26. Qxg4+ Kh6 27. Rc5
1-0